000 00279nam a22001217a 4500
082 _a823
_bDAH/S
100 _aDAHL,ROALD
245 _aSKIN AND OTHER STORIES
246 _aSKIN AND OTHER STORIES
_bSKIN AND OTHER STORIES
260 _aLONDON
_bPUFFIN
300 _a213
942 _cBK
999 _c8440
_d8440